Constructing nonhomeomorphic stochastic flows

Αποθηκεύτηκε σε:
Λεπτομέρειες βιβλιογραφικής εγγραφής
Κύριος συγγραφέας: Darling, R. W. R. 1954-
Μορφή: Βιβλίο
Γλώσσα:English
Δημοσίευση: Providence, R.I. : American Mathematical Society, 1987
Σειρά:Memoirs of the American Mathematical Society ; ; 376
Θέματα:
Ετικέτες: Προσθήκη ετικέτας
Δεν υπάρχουν, Καταχωρήστε ετικέτα πρώτοι!

MARC

LEADER 00000cam a2200000 i 4500
001 1/50976
008 941103s1987 eng d
020 |a 0821824392 
035 |l 10044017 
040 |a GR-MY-UA  |b gre  |e aacr 
041 0 |a eng 
082 0 |a 519.2  |2 (19) 
100 1 |a Darling, R. W. R.  |d 1954- 
245 1 0 |a Constructing nonhomeomorphic stochastic flows /  |c R.W.R. Darling 
260 |a Providence, R.I. :   |b American Mathematical Society,   |c 1987 
300 |a v, 97 p.;  |c 26 cm 
490 1 |a Memoirs of the American Mathematical Society  |v ; 376 
500 |a "November 1987, volume 70, number 376 (fourth of 6 numbers)." 
504 |a Bibliography: p. 96-97 
650 0 0 |a Stochastic analysis. 
830 0 |a Memoirs of the American Mathematical Society ;  |v ; 376 
852 |a INST  |b SAMOS  |e 19941103  |h 519.2 DAR  |p 005300004761  |q 005300004761  |t BK  |y 0 
909 |a Σ  |b 033736